| 000 | 00646nam a2200217 4500 | ||
|---|---|---|---|
| 003 | OSt | ||
| 005 | 20160719183051.0 | ||
| 008 | 160719b xxu||||| |||| 00| 0 eng d | ||
| 020 | _a9780443073304 | ||
| 040 | _c040a | ||
| 082 |
_aWB 18 _bB469m 2008 |
||
| 100 |
_aBeynon, Huw _910320 |
||
| 245 |
_aMRCP Part 2 : _bdata interpretation , questions and answers / _cHuw Beynon, Luke Gompels, Rapti Mediwake |
||
| 260 |
_aEdinburgh _bChurchill Livingstone _c2008 |
||
| 300 |
_av, 407p; _bill : _c15 cm. |
||
| 504 | _aIncludes index | ||
| 650 |
_aMRCP _91991 |
||
| 700 |
_aGompels, Luke _910321 |
||
| 700 |
_aMediwake, Rapti _910322 |
||
| 942 |
_2z _cO_SHELF |
||
| 999 |
_c4799 _d4799 |
||